Estatísticas para Países Mediterrâneos

Clique aqui para jogar o quiz

Estatísticas Gerais

  • Esse quiz foi jogado 2,969 vezes
  • A pontuação média é 17 de 21

Estatísticas das Respostas

País % Correto
Itália
98%
Grécia
96%
Espanha
94%
Egito
92%
Turquia
90%
Marrocos
90%
França
88%
Tunísia
86%
Malta
85%
Argélia
85%
Líbia
84%
Israel
84%
Croácia
84%
Chipre
81%
Albânia
81%
Líbano
74%
Bósnia & Herzegovina
73%
Síria
72%
Montenegro
71%
Eslovênia
70%
Mônaco
70%

Distribuição das Pontuações

Percentil de Números Respondidos

Porcentagem de Pessoas com Cada Pontuação

Sua Pontuação Histórica

Você não jogou esse quiz